[Event "Titled Tuesday intern op 06th Feb Early"]
[Site "Chess.com INT"]
[Date "2024.02.06"]
[Round "5"]
[White "Alcazar Jimenez, Jesus Alberto"]
[Black "Roman, Rodrigo"]
[Result "1-0"]
[WhiteElo "2147"]
[BlackElo "2033"]
[PlyCount "148"]
[EventDate "2024.02.06"]
[EventType "swiss (blitz)"]
[EventRounds "11"]
[EventCountry "USA"]
[SourceTitle "CB07_2024"]
[SourceDate "2024.02.14"]
[SourceVersion "1"]
[SourceVersionDate "2024.02.14"]
[SourceQuality "1"]

1. c4 Nf6 2. Nc3 g6 3. e3 Bg7 4. Nf3 0-0 5. d4 c6 6. Be2 d5 7. 0-0 Bg4 8. b3 Nbd7 9. h3 Bxf3 10. Bxf3 e5 11. cxd5 Nxd5 12. Nxd5 cxd5 13. Bxd5 exd4 14. Bxb7 Rb8 15. Bf3 dxe3 16. Bxe3 Bxa1 17. Qxa1 Re8 18. Bxa7 Rb5 19. Rd1 Qc7 20. Be3 Ne5 21. Bd5 Rd8 22. Be4 Rxd1+ 23. Qxd1 Ra5 24. a4 Ra6 25. Qa1 Nd7 26. Bh6 Qe5 27. Qxe5 Nxe5 28. Bf4 Nd7 29. Be3 Nf6 30. Bd3 Ra5 31. Bc4 Ne4 32. Kf1 Nd6 33. Bd3 Nf5 34. Bxf5 Rxf5 35. b4 Rd5 36. a5 f5 37. Ke2 Kf7 38. a6 Ke6 39. a7 Rd8 40. Bc5 Kd5 41. Kf3 Kc6 42. Kf4 Kb7 43. Kg5 Rd7 44. f4 Rd2 45. g4 fxg4 46. hxg4 Rd5+ 47. f5 Ka8 48. Kf4 gxf5 49. gxf5 h5 50. f6 Rd1 51. Kg5 Rf1 52. Kg6 h4 53. f7 h3 54. Bd6 Kxa7 55. Kg7 Rg1+ 56. Kh7 h2 57. Bxh2 Rf1 58. Kg8 Kb6 59. Bd6 Kc6 60. f8Q Rxf8+ 61. Bxf8 Kb5 62. Bc5 Kc6 63. Kf7 Kb7 64. Ke6 Kc6 65. Ke5 Kb7 66. Kd4 Ka6 67. Kc4 Kb7 68. b5 Kb8 69. Kd5 Kb7 70. Kd6 Kc8 71. Kc6 Kb8 72. b6 Ka8 73. b7+ Kb8 74. Bd6+ Ka7 1-0

[Event "Titled Tuesday intern op 06th Feb Early"]
[Site "Chess.com INT"]
[Date "2024.02.06"]
[Round "7"]
[White "Roman, Rodrigo"]
[Black "Goganova, Yana"]
[Result "0-1"]
[WhiteElo "2033"]
[BlackElo "1966"]
[PlyCount "122"]
[EventDate "2024.02.06"]
[EventType "swiss (blitz)"]
[EventRounds "11"]
[EventCountry "USA"]
[SourceTitle "CB07_2024"]
[SourceDate "2024.02.14"]
[SourceVersion "1"]
[SourceVersionDate "2024.02.14"]
[SourceQuality "1"]

1. c4 c6 2. g3 d5 3. Bg2 Nf6 4. d4 g6 5. Nf3 Bg7 6. 0-0 0-0 7. cxd5 cxd5 8. Nc3 Ne4 9. Ne5 Nxc3 10. bxc3 f6 11. Nd3 Na6 12. e4 dxe4 13. Bxe4 Kh8 14. Re1 e5 15. dxe5 fxe5 16. Be3 Qc7 17. Nb4 Nxb4 18. cxb4 Bf5 19. Rc1 Qf7 20. Bd5 Be6 21. Bg2 Bxa2 22. Bc5 Rfd8 23. Qg4 Bd5 24. Re2 Bxg2 25. Kxg2 Rac8 26. Rce1 b6 27. Be3 Qf5 28. Qh4 Rf8 29. Bh6 Bf6 30. Qh3 Qxh3+ 31. Kxh3 Rfd8 32. f4 exf4 33. Bxf4 Bc3 34. Rb1 Re8 35. Rc2 Bg7 36. Ra2 Re7 37. Rd1 h6 38. Rad2 g5 39. Bd6 Rd7 40. Rd5 Rcd8 41. b5 Kh7 42. R5d2 Bf8 43. Bb4 Rxd2 44. Rxd2 Rxd2 45. Bxd2 Bd6 46. Kg4 Kg6 47. Kf3 Kf5 48. Bc3 g4+ 49. Ke3 Bc5+ 50. Ke2 h5 51. Bg7 Ke4 52. Bh6 Kd5 53. Bf4 Kc4 54. Bb8 Kxb5 55. Bxa7 Kc4 56. Bb8 b5 57. Be5 b4 58. Kd2 Kb3 59. Kd3 Ka2 60. Kc4 Bf8 61. Bd6 Bxd6 0-1

[Event "Asuncion CIT op"]
[Site "Asuncion"]
[Date "2023.08.15"]
[Round "5"]
[White "Gomez, Osmar"]
[Black "Roman, Rodrigo"]
[Result "0-1"]
[WhiteElo "1600"]
[BlackElo "2058"]
[PlyCount "74"]
[EventDate "2023.08.12"]
[EventType "swiss"]
[EventRounds "9"]
[EventCountry "PAR"]
[SourceTitle "CBM 215 Extra"]
[Source "ChessBase"]
[SourceDate "2023.09.30"]
[SourceVersion "1"]
[SourceVersionDate "2023.09.30"]
[SourceQuality "1"]

1. e4 c5 2. Nf3 e6 3. b3 a6 4. Bb2 Nc6 5. g3 d6 6. Bg2 Nf6 7. d3 Be7 8. 0-0 0-0 9. Nc3 Nd7 10. Nd2 b5 11. e5 d5 12. f4 Bb7 13. Qg4 Nd4 14. Rac1 Rb8 15. Nd1 f5 16. exf6 Nxf6 17. Qh3 Ne2+ 18. Kh1 Nxc1 19. Qxe6+ Kh8 20. Bxc1 Qd6 21. Qxd6 Bxd6 22. Nf2 Rfe8 23. Bf3 Re7 24. Bb2 Rbe8 25. Kg2 Bc7 26. h4 Re1 27. h5 Ba5 28. Rxe1 Rxe1 29. Nf1 Bc8 30. h6 d4 31. hxg7+ Kxg7 32. Bd1 h5 33. Nh2 Ng4 34. Nhxg4 Bxg4 35. Bxg4 hxg4 36. a3 Rb1 37. b4 Bc7 0-1

[Event "Titled Tuesday intern op 27th Jun Late"]
[Site "Chess.com INT"]
[Date "2023.06.27"]
[Round "4"]
[White "Gulamirian, Korun"]
[Black "Roman, Rodrigo"]
[Result "0-1"]
[WhiteElo "1816"]
[BlackElo "2058"]
[PlyCount "46"]
[EventDate "2023.06.27"]
[EventType "swiss (blitz)"]
[EventRounds "11"]
[EventCountry "USA"]
[SourceTitle "EXT 2024"]
[Source "ChessBase"]
[SourceDate "2023.10.10"]
[SourceVersion "1"]
[SourceVersionDate "2023.10.10"]
[SourceQuality "1"]

1. e4 e5 2. Nc3 Nf6 3. Bc4 Nxe4 4. Bxf7+ Kxf7 5. Nxe4 d5 6. Qh5+ Kg8 7. Ng5 Qf6 8. N1f3 Nc6 9. d4 h6 10. Nh3 Nxd4 11. Nxd4 exd4 12. Qxd5+ Be6 13. Qxb7 Re8 14. 0-0 Bxh3 15. gxh3 Bd6 16. Qd5+ Kh7 17. f4 Re2 18. c4 Qg6+ 19. Kh1 Qc2 20. c5 Bxc5 21. b4 Bb6 22. Ba3 Rxh2+ 23. Kg1 d3+ 0-1

[Event "Titled Tuesday intern op 09th May Late"]
[Site "Chess.com INT"]
[Date "2023.05.09"]
[Round "8"]
[White "Bayo Milagro, Alvaro"]
[Black "Roman, Rodrigo"]
[Result "1-0"]
[WhiteElo "2287"]
[BlackElo "2058"]
[PlyCount "91"]
[EventDate "2023.05.09"]
[EventType "swiss (blitz)"]
[EventRounds "11"]
[EventCountry "USA"]
[SourceTitle "CBM 214 Extra"]
[Source "ChessBase"]
[SourceDate "2023.07.31"]
[SourceVersion "1"]
[SourceVersionDate "2023.07.31"]
[SourceQuality "1"]

1. Nf3 Nf6 2. g3 g6 3. b3 Bg7 4. Bb2 0-0 5. Bg2 b6 6. 0-0 Bb7 7. c4 c5 8. e3 e6 9. Qe2 Qe7 10. Nc3 Nc6 11. d4 d5 12. cxd5 exd5 13. Rfd1 cxd4 14. Nxd4 Nxd4 15. Rxd4 Rfd8 16. Rad1 Rac8 17. R4d2 Ne4 18. Nxd5 Bxd5 19. Rxd5 Rxd5 20. Rxd5 Nc3 21. Bxc3 Bxc3 22. Bf3 Bf6 23. Kg2 Rd8 24. Qd3 Rxd5 25. Qxd5 Kg7 26. h4 h5 27. Qa8 Qa3 28. Bd5 Qe7 29. a4 Be5 30. Bb7 a5 31. Bd5 Bd6 32. Qc6 Bc5 33. Bc4 Qa7 34. Qf3 Qe7 35. Bd5 Qc7 36. e4 Qe7 37. e5 Bd4 38. e6 fxe6 39. Bc4 Bc5 40. Qe4 e5 41. Qd5 Qf6 42. f3 Bd4 43. Qd7+ Kh6 44. Bg8 Qg7 45. Qd8 e4 46. Qg5# 1-0

[Event "Titled Tuesday intern op 09th May Late"]
[Site "Chess.com INT"]
[Date "2023.05.09"]
[Round "1"]
[White "Roman, Rodrigo"]
[Black "Haydon, David Leslie"]
[Result "1-0"]
[WhiteElo "2058"]
[BlackElo "2253"]
[PlyCount "125"]
[EventDate "2023.05.09"]
[EventType "swiss (blitz)"]
[EventRounds "11"]
[EventCountry "USA"]
[SourceTitle "CBM 214 Extra"]
[Source "ChessBase"]
[SourceDate "2023.07.31"]
[SourceVersion "1"]
[SourceVersionDate "2023.07.31"]
[SourceQuality "1"]

1. Nf3 c6 2. c4 d5 3. d4 Nf6 4. Nc3 dxc4 5. a4 Bf5 6. e3 e6 7. Bxc4 Bb4 8. 0-0 Nbd7 9. Qb3 a5 10. Na2 c5 11. Rd1 Qc7 12. Nxb4 cxb4 13. Bd3 Bxd3 14. Qxd3 0-0 15. b3 Rac8 16. Bd2 Rfd8 17. Rac1 Qb6 18. e4 h6 19. h3 Rxc1 20. Rxc1 Nc5 21. dxc5 Rxd3 22. cxb6 Nxe4 23. Be3 Rxb3 24. Rc8+ Kh7 25. Rc7 Rc3 26. Bd4 Rxc7 27. bxc7 Nd6 28. Ne5 f6 29. Nc4 Nc8 30. Nxa5 b6 31. Nc6 b3 32. Bb2 Kg6 33. Nd4 e5 34. Nxb3 Kf5 35. a5 Ke6 36. axb6 Nxb6 37. Ba3 Kd7 38. Bf8 g6 39. Bxh6 Kxc7 40. Bg7 Nd5 41. Nc5 Kd6 42. Ne4+ Ke6 43. g3 Kf7 44. Bh6 f5 45. Nd2 Kf6 46. Be3 g5 47. Bc5 Ke6 48. Ba3 e4 49. Bb2 Kf7 50. Nc4 Ke6 51. Kg2 f4 52. g4 f3+ 53. Kh2 Nf4 54. Bd4 Ng2 55. Be3 Kf6 56. Nd2 Nxe3 57. fxe3 Ke5 58. Kg3 Kd5 59. Nf1 Kc4 60. Kf2 Kd3 61. Ng3 Kd2 62. Nxe4+ Kd3 63. Nxg5 1-0

[Event "Titled Tuesday intern op 02nd May Late"]
[Site "Chess.com INT"]
[Date "2023.05.02"]
[Round "9"]
[White "Roman, Rodrigo"]
[Black "Adel, Sara"]
[Result "1/2-1/2"]
[WhiteElo "2058"]
[BlackElo "1739"]
[PlyCount "92"]
[EventDate "2023.05.02"]
[EventType "swiss (blitz)"]
[EventRounds "11"]
[EventCountry "USA"]
[SourceTitle "EXT 2024"]
[Source "ChessBase"]
[SourceDate "2023.10.10"]
[SourceVersion "1"]
[SourceVersionDate "2023.10.10"]
[SourceQuality "1"]

1. Nf3 Nf6 2. d4 g6 3. c4 Bg7 4. Nc3 0-0 5. g3 d6 6. Bg2 Nbd7 7. 0-0 e5 8. e4 Nh5 9. d5 f5 10. exf5 gxf5 11. Ng5 Ndf6 12. Bf3 Qe8 13. Ne6 Bxe6 14. dxe6 e4 15. Bxh5 Nxh5 16. Nd5 c6 17. e7 Rf7 18. Nc7 Qxe7 19. Nxa8 Nf6 20. Bf4 Ng4 21. Qxd6 Qe8 22. Nc7 Qc8 23. Ne6 Rd7 24. Qa3 Bf6 25. h3 Be7 26. Qc3 Nf6 27. Be5 Nh5 28. g4 fxg4 29. hxg4 Rd3 30. Qe1 Qxe6 31. Qxe4 Nf6 32. Qxd3 Qxe5 33. Rae1 Qc7 34. Qe2 Bc5 35. Qe6+ Kg7 36. Re5 Nd7 37. Rg5+ Kh8 38. Rd1 Qg3+ 39. Kh1 Qh3+ 40. Kg1 Qg3+ 41. Kh1 Qf3+ 42. Kh2 Qxf2+ 43. Kh3 Qf3+ 44. Kh2 Qf2+ 45. Kh1 Qf3+ 46. Kh2 Qf2+ 1/2-1/2

[Event "Titled Tuesday intern op 02nd May Late"]
[Site "Chess.com INT"]
[Date "2023.05.02"]
[Round "11"]
[White "Vifleemskaia, Svetlana"]
[Black "Roman, Rodrigo"]
[Result "0-1"]
[WhiteElo "1971"]
[BlackElo "2058"]
[PlyCount "108"]
[EventDate "2023.05.02"]
[EventType "swiss (blitz)"]
[EventRounds "11"]
[EventCountry "USA"]
[SourceTitle "EXT 2024"]
[Source "ChessBase"]
[SourceDate "2023.10.10"]
[SourceVersion "1"]
[SourceVersionDate "2023.10.10"]
[SourceQuality "1"]

1. d4 f6 2. e4 Kf7 3. c4 e6 4. Nc3 d6 5. f4 Ne7 6. Nf3 d5 7. cxd5 exd5 8. e5 h5 9. Bd3 Bf5 10. 0-0 c6 11. Re1 Na6 12. Bxf5 Nxf5 13. Qd3 Ne7 14. e6+ Kg8 15. f5 Nb4 16. Qb1 c5 17. Be3 Nbc6 18. a3 h4 19. Qd3 c4 20. Qc2 Rh5 21. Qf2 Nxf5 22. g4 hxg3 23. hxg3 Bd6 24. g4 Bg3 25. Qe2 Bxe1 26. gxh5 Bxc3 27. bxc3 Qd6 28. Bf2 Re8 29. Re1 Nd8 30. Qc2 Nh6 31. Qg6 Rxe6 32. Bg3 Qd7 33. Bf4 Rxe1+ 34. Nxe1 Qg4+ 35. Qxg4 Nxg4 36. Kg2 Ne6 37. Bd2 Nh6 38. Nc2 Nf5 39. Kf3 Nd6 40. Nb4 Nc7 41. a4 a5 42. Nc2 Ne4 43. Be1 b5 44. axb5 Nxb5 45. Ne3 Nbxc3 46. Bxc3 Nxc3 47. Kf2 a4 48. Ke1 a3 49. Kd2 a2 50. Nc2 Nb5 51. Ke3 Kf7 52. Na1 Ke6 53. Nc2 Kf5 54. Na1 Kg5 0-1

[Event "Titled Tuesday intern op 21st Feb Late"]
[Site "Chess.com INT"]
[Date "2023.02.21"]
[Round "1"]
[White "Mustafayev, Farid Farman Oglu"]
[Black "Roman, Rodrigo"]
[Result "1-0"]
[WhiteElo "2287"]
[BlackElo "2058"]
[PlyCount "37"]
[EventDate "2023.02.21"]
[EventType "swiss (blitz)"]
[EventRounds "11"]
[EventCountry "USA"]
[SourceTitle "CBM 212 Extra"]
[Source "ChessBase"]
[SourceDate "2023.03.31"]
[SourceVersion "1"]
[SourceVersionDate "2023.03.31"]
[SourceQuality "1"]

1. Nf3 d5 2. g3 Nf6 3. Bg2 c5 4. 0-0 Nc6 5. d4 cxd4 6. Nxd4 e5 7. Nxc6 bxc6 8. c4 Bc5 9. Nc3 Be6 10. Bg5 e4 11. cxd5 cxd5 12. Rc1 Kf8 13. Nxe4 dxe4 14. Rxc5 Qb6 15. Qc2 h6 16. Be3 Rb8 17. b3 Qb4 18. Rc7 a5 19. Bc5+ 1-0

[Event "Titled Tuesday intern op 21st Feb Late"]
[Site "Chess.com INT"]
[Date "2023.02.21"]
[Round "3"]
[White "Roman, Rodrigo"]
[Black "Antonios, Johnny"]
[Result "0-1"]
[WhiteElo "2058"]
[BlackElo "2269"]
[PlyCount "56"]
[EventDate "2023.02.21"]
[EventType "swiss (blitz)"]
[EventRounds "11"]
[EventCountry "USA"]
[SourceTitle "CBM 212 Extra"]
[Source "ChessBase"]
[SourceDate "2023.03.31"]
[SourceVersion "1"]
[SourceVersionDate "2023.03.31"]
[SourceQuality "1"]

1. e4 e5 2. Nf3 d6 3. d4 Nf6 4. Nc3 Nbd7 5. Rg1 c6 6. g4 g6 7. Be3 Qa5 8. Qd2 Bg7 9. dxe5 Nxe5 10. Nxe5 dxe5 11. g5 Ng4 12. h3 Nxe3 13. Qxe3 h6 14. h4 hxg5 15. hxg5 Qb6 16. Qxb6 axb6 17. 0-0-0 b5 18. a3 Be6 19. f3 Bf8 20. Nb1 Bc5 21. Rg2 Rh5 22. Re1 Ke7 23. b4 Bb6 24. Kb2 Rah8 25. Nd2 Bh3 26. Rg3 Bf2 27. Rxh3 Rxh3 28. Bxh3 Bxe1 0-1

[Event "Titled Tuesday intern op 21st Feb Late"]
[Site "Chess.com INT"]
[Date "2023.02.21"]
[Round "5"]
[White "Roman, Rodrigo"]
[Black "Mazurkiewicz, Michal"]
[Result "0-1"]
[WhiteElo "2058"]
[BlackElo "2145"]
[PlyCount "58"]
[EventDate "2023.02.21"]
[EventType "swiss (blitz)"]
[EventRounds "11"]
[EventCountry "USA"]
[SourceTitle "CBM 212 Extra"]
[Source "ChessBase"]
[SourceDate "2023.03.31"]
[SourceVersion "1"]
[SourceVersionDate "2023.03.31"]
[SourceQuality "1"]

1. e4 d6 2. Nf3 Nf6 3. Nc3 c6 4. d4 Bg4 5. h3 Bh5 6. Be2 e6 7. Be3 d5 8. e5 Nfd7 9. g4 Bg6 10. Bd3 c5 11. Bxg6 hxg6 12. dxc5 Nc6 13. Nd4 Bxc5 14. Nxc6 bxc6 15. Bxc5 Nxc5 16. Qd4 Qb6 17. 0-0-0 Rb8 18. b3 a5 19. f4 0-0 20. h4 a4 21. Nxa4 Nxa4 22. Qxa4 Ra8 23. Qd4 c5 24. Qb2 c4 25. Rh3 Qf2 26. Qd4 Qg2 27. Rc3 Rxa2 28. Kb1 Rfa8 29. Re3 Qxc2# 0-1

[Event "Titled Tuesday intern op 21st Feb Late"]
[Site "Chess.com INT"]
[Date "2023.02.21"]
[Round "9"]
[White "Roman, Rodrigo"]
[Black "Vargas, Mauricio"]
[Result "1-0"]
[WhiteElo "2058"]
[BlackElo "2056"]
[PlyCount "75"]
[EventDate "2023.02.21"]
[EventType "swiss (blitz)"]
[EventRounds "11"]
[EventCountry "USA"]
[SourceTitle "CBM 212 Extra"]
[Source "ChessBase"]
[SourceDate "2023.03.31"]
[SourceVersion "1"]
[SourceVersionDate "2023.03.31"]
[SourceQuality "1"]

1. e4 d6 2. d4 c6 3. Nc3 g6 4. h3 Bg7 5. Nf3 b6 6. Bf4 Bb7 7. Qd2 Nd7 8. h4 Qc7 9. h5 h6 10. hxg6 fxg6 11. 0-0-0 g5 12. Be3 0-0-0 13. Kb1 a6 14. g3 b5 15. a3 Kb8 16. Bg2 Ka8 17. Nh2 Nb6 18. b3 Nf6 19. f4 gxf4 20. gxf4 a5 21. e5 Nfd5 22. Nxd5 Nxd5 23. Bxd5 cxd5 24. Ng4 h5 25. Nf2 Rc8 26. Qe2 Ba6 27. Nd3 Kb7 28. Rd2 b4 29. axb4 Ka7 30. Qd1 axb4 31. Nxb4 Qc3 32. Nxa6 Qxe3 33. Rd3 Qxf4 34. Nb4 dxe5 35. Nxd5 Qe4 36. dxe5 Bxe5 37. Re1 Qf5 38. Nxe7 1-0

[Event "Titled Tuesday intern op 10th Jan Late"]
[Site "Chess.com INT"]
[Date "2023.01.10"]
[Round "10"]
[White "Roman, Rodrigo"]
[Black "Gurevich, Dmitry"]
[Result "0-1"]
[WhiteElo "2058"]
[BlackElo "2393"]
[PlyCount "100"]
[EventDate "2023.01.10"]
[EventType "swiss (blitz)"]
[EventRounds "11"]
[EventCountry "USA"]
[SourceTitle "EXT 2024"]
[Source "ChessBase"]
[SourceDate "2023.10.10"]
[SourceVersion "1"]
[SourceVersionDate "2023.10.10"]
[SourceQuality "1"]

1. e4 c5 2. Nf3 d6 3. d4 cxd4 4. Nxd4 Nf6 5. Nc3 Nc6 6. Bg5 g6 7. Bxf6 exf6 8. Nd5 Bg7 9. Bb5 Bd7 10. 0-0 0-0 11. c3 Nxd4 12. Bxd7 Qxd7 13. Qxd4 f5 14. Qd3 fxe4 15. Qxe4 Rfe8 16. Qd3 Re5 17. Rad1 Rae8 18. Ne3 Qb5 19. Qxb5 Rxb5 20. Nc4 Re6 21. Rd2 d5 22. Ne3 Bh6 23. Re1 Bxe3 24. Rxe3 Rxe3 25. fxe3 f5 26. Kf2 Kf7 27. Ke2 Ke6 28. Kd3 Ke5 29. b3 a5 30. Rf2 g5 31. h4 h6 32. Rf1 Rc5 33. Rh1 b5 34. hxg5 hxg5 35. Rh5 g4 36. g3 b4 37. c4 dxc4+ 38. bxc4 Rc8 39. Rh7 Ra8 40. Rb7 Kf6 41. c5 Ke5 42. Re7+ Kd5 43. Rf7 Rd8 44. Rc7 a4 45. Kd2 Kc4+ 46. Kc2 b3+ 47. axb3+ axb3+ 48. Kc1 Kc3 49. Rb7 Ra8 50. Kb1 Rh8 0-1

[Event "Titled Tuesday intern op 03rd Jan Late"]
[Site "Chess.com INT"]
[Date "2023.01.03"]
[Round "8"]
[White "Fernandez, Gerardo"]
[Black "Roman, Rodrigo"]
[Result "1-0"]
[WhiteElo "2169"]
[BlackElo "2058"]
[PlyCount "91"]
[EventDate "2023.01.03"]
[EventType "swiss (blitz)"]
[EventRounds "11"]
[EventCountry "USA"]
[SourceTitle "EXT 2024"]
[Source "ChessBase"]
[SourceDate "2023.10.10"]
[SourceVersion "1"]
[SourceVersionDate "2023.10.10"]
[SourceQuality "1"]

1. e4 c5 2. d3 Nc6 3. g3 g6 4. Bg2 Bg7 5. f4 e5 6. Nf3 d6 7. 0-0 Nge7 8. f5 gxf5 9. Nh4 f4 10. Qh5 Ng6 11. Nf5 Qf6 12. Nc3 Nce7 13. gxf4 exf4 14. Nxg7+ Qxg7 15. Bxf4 Nxf4 16. Rxf4 Rg8 17. Rf2 Bg4 18. Qh4 Bf3 19. Qh3 Bxg2 20. Rxg2 Qd4+ 21. Kh1 Rxg2 22. Qxg2 0-0-0 23. Rf1 Rg8 24. Qf2 Qxf2 25. Rxf2 Rg7 26. Nb5 Kd7 27. Nxa7 f5 28. exf5 Rf7 29. f6 Nd5 30. Nb5 Nxf6 31. Nc3 Ke6 32. Ne4 Nxe4 33. Rxf7 Kxf7 34. dxe4 Kf6 35. Kg2 Ke5 36. Kf3 b5 37. c3 h6 38. b3 b4 39. cxb4 cxb4 40. Ke3 h5 41. h4 Ke6 42. Kd4 Kf6 43. Kd5 Ke7 44. e5 dxe5 45. Kxe5 Kf7 46. Kf5 1-0

[Event "Titled Tuesday intern op 03rd Jan Late"]
[Site "Chess.com INT"]
[Date "2023.01.03"]
[Round "4"]
[White "Roman, Rodrigo"]
[Black "Brodowski, Piotr"]
[Result "0-1"]
[WhiteElo "2058"]
[BlackElo "2455"]
[PlyCount "114"]
[EventDate "2023.01.03"]
[EventType "swiss (blitz)"]
[EventRounds "11"]
[EventCountry "USA"]
[SourceTitle "EXT 2024"]
[Source "ChessBase"]
[SourceDate "2023.10.10"]
[SourceVersion "1"]
[SourceVersionDate "2023.10.10"]
[SourceQuality "1"]

1. d4 d6 2. Nc3 g6 3. e4 Bg7 4. Nf3 a6 5. Be3 b5 6. a3 Bb7 7. Qd2 Nd7 8. Be2 Nb6 9. d5 Nf6 10. h3 c6 11. dxc6 Bxc6 12. e5 Nfd5 13. Bxb6 Nxb6 14. exd6 0-0 15. dxe7 Qxe7 16. 0-0 Rad8 17. Qg5 Qxg5 18. Nxg5 Rfe8 19. Bd3 h6 20. Nge4 Bxe4 21. Nxe4 Bxb2 22. Ra2 Bg7 23. Nc5 Ra8 24. Nxa6 Rxa6 25. Bxb5 Rea8 26. Bxa6 Rxa6 27. Rb1 Bc3 28. Rb3 Na4 29. Rb8+ Kg7 30. g3 h5 31. Kg2 Rd6 32. Ra8 Rd4 33. Kf3 g5 34. Ke3 Kg6 35. Rc8 Rd6 36. Rc4 Ra6 37. Kd3 Bf6 38. Rb4 Rd6+ 39. Kc4 Nc3 40. Rab2 Nd5 41. Rb1 Nxb4 42. axb4 Rc6+ 43. Kd3 Rc3+ 44. Ke2 Rxc2+ 45. Ke3 Rb2 46. Rxb2 Bxb2 47. Kd3 Kf5 48. b5 Be5 49. Kc4 Bc7 50. Kd5 Bb6 51. f3 f6 52. Kc6 Bf2 53. g4+ hxg4 54. fxg4+ Kf4 55. Kd5 Kg3 56. Ke6 Kxh3 57. Kxf6 Kxg4 0-1

[Event "Titled Tuesday intern op 03rd Jan Late"]
[Site "Chess.com INT"]
[Date "2023.01.03"]
[Round "2"]
[White "Roman, Rodrigo"]
[Black "Ronka, Erik"]
[Result "1-0"]
[WhiteElo "2058"]
[BlackElo "2277"]
[PlyCount "55"]
[EventDate "2023.01.03"]
[EventType "swiss (blitz)"]
[EventRounds "11"]
[EventCountry "USA"]
[SourceTitle "EXT 2024"]
[Source "ChessBase"]
[SourceDate "2023.10.10"]
[SourceVersion "1"]
[SourceVersionDate "2023.10.10"]
[SourceQuality "1"]

1. e4 c5 2. Nf3 b6 3. d4 cxd4 4. Nxd4 Bb7 5. Nc3 a6 6. Be3 e6 7. Be2 Qc7 8. 0-0 Nf6 9. f3 Be7 10. Qd2 0-0 11. Rfd1 b5 12. a3 d5 13. exd5 Nxd5 14. Nxd5 Bxd5 15. Nf5 Bc5 16. b4 Bxe3+ 17. Nxe3 Bb7 18. c4 bxc4 19. Nxc4 Nc6 20. Qd6 Rac8 21. Rac1 h6 22. Qxc7 Rxc7 23. Nd6 Ba8 24. Bxa6 Ra7 25. b5 Nb8 26. Nc8 Rd7 27. Rxd7 Nxd7 28. b6 1-0

[Event "Titled Tuesday intern op 20th Dec Late"]
[Site "Chess.com INT"]
[Date "2022.12.20"]
[Round "5"]
[White "Roman, Rodrigo"]
[Black "Curtis, John"]
[Result "1-0"]
[WhiteElo "2058"]
[BlackElo "2292"]
[PlyCount "131"]
[EventDate "2022.12.20"]
[EventType "swiss (blitz)"]
[EventRounds "11"]
[EventCountry "USA"]
[SourceTitle "EXT 2024"]
[Source "ChessBase"]
[SourceDate "2023.10.10"]
[SourceVersion "1"]
[SourceVersionDate "2023.10.10"]
[SourceQuality "1"]

1. e4 c5 2. Ke2 Nc6 3. Nf3 d6 4. d3 Bg4 5. c3 e6 6. h3 Bh5 7. Be3 d5 8. Nbd2 Nf6 9. g4 Bg6 10. e5 Nd7 11. d4 f6 12. exf6 gxf6 13. Ke1 e5 14. dxe5 Ndxe5 15. Be2 d4 16. cxd4 cxd4 17. Bf4 d3 18. Bf1 Bb4 19. Nxe5 fxe5 20. Be3 Qd5 21. Rg1 Nd4 22. Bg2 Nc2+ 23. Qxc2 Qxg2 24. Qa4+ Qc6 25. Qxb4 a5 26. Qc5 Qxc5 27. Bxc5 Rc8 28. Be3 Rc2 29. b3 Kf7 30. Rg3 Rhc8 31. Nc4 Ke6 32. h4 b5 33. h5 Be4 34. Na3 Re2+ 35. Kd1 b4 36. Nc4 Rxc4 37. bxc4 Rc2 38. Bd2 Rxc4 39. f3 Bd5 40. g5 e4 41. g6 hxg6 42. hxg6 Rc8 43. g7 Rg8 44. fxe4 Bxe4 45. Rc1 Bd5 46. Rc5 Bxa2 47. Rxa5 Bb3+ 48. Ke1 Bd5 49. Bxb4 d2+ 50. Kxd2 Rd8 51. g8Q+ Rxg8 52. Rxg8 Ke5 53. Re8+ Kd4 54. Rd8 Kc4 55. Raxd5 Kxb4 56. Rc8 Ka4 57. Rd7 Kb5 58. Rdd8 Ka6 59. Kd3 Kb7 60. Rc1 Kb6 61. Rh8 Kb7 62. Rh2 Kb6 63. Rb2+ Ka5 64. Kc4 Ka4 65. Rb8 Ka3 66. Ra1# 1-0